Statistiche per Marcatori del Milan in UEFA Europa League 2020-2021

Clicka qui per fare il quiz!

Statistiche generali

  • Questo quiz è stato fatto 4 volte
  • Il punteggio medio è 6 su 15

Statistiche sulle risposte

PartitaMinutoMarcatore% Corretto
Milan - Sparta Praga 3-057'Rafael Leão
100%
Celtic - Milan 1-342'Brahim Díaz
67%
Milan - Sparta Praga 3-024'Brahim Díaz
67%
Milan - Celtic 4-282'Brahim Díaz
67%
Celtic - Milan 1-392'Jens Petter Hauge
67%
Milan - Celtic 4-250'Jens Petter Hauge
67%
Sparta Praga - Milan 0-123'Jens Petter Hauge
67%
Milan - Sparta Praga 3-067'Diogo Dalot
33%
Milan - Celtic 4-224'Hakan Çalhanoğlu
33%
Manchester United - Milan 1-192'Simon Kjær
33%
Stella Rossa - Milan 2-261'Theo Hernández
33%
Milan - Stella Rossa 1-19'Franck Kessié
0%
Celtic - Milan 1-314'Rade Krunić
0%
Lilla - Milan 1-146'Samu Castillejo
0%
Milan - Celtic 4-226'Samu Castillejo
0%

Distribuzione punteggi

Percentile per numero di risposta

Percentuale di utenti per punteggio

I tuoi punteggi nel tempo

Non hai fatto questo quiz